| 000 | 00626cam a22002291 4500 | ||
|---|---|---|---|
| 001 | med47000089 | ||
| 003 | DLC | ||
| 005 | 20260227111558.0 | ||
| 008 | 770909s1946 xx 000 0 eng c | ||
| 010 | _amed47000089 | ||
| 035 | _a(OCoLC)3254605 | ||
| 040 |
_aU.S. Army medical library _cOC _dInU _dDLC |
||
| 042 | _apremarc | ||
| 050 | 1 | 0 |
_aRA776 _b.M488 |
| 060 | _aWC 113 M559h 1946 | ||
| 082 | _a613 | ||
| 100 | 1 |
_aMeredith, Florence L. _q(Florence Lyndon), _d1883-1951. |
|
| 245 | 1 | 0 | _aHealth and fitness. |
| 260 |
_aBoston, _bHeath _c[1946] |
||
| 300 |
_ax, 325 p. _billus., ports. _c24 x 19 cm. |
||
| 650 | 0 | _aHygiene. | |
| 999 |
_c37963 _d37963 |
||